[Event "Gibraltar ChallWk1 12th"]
[Site "Gibraltar"]
[Date "2014.01.29"]
[Round "3.34"]
[White "Hamer, Martyn"]
[Black "Bucknell, Malcolm Gordon"]
[Result "1-0"]
[WhiteElo "2017"]
[BlackElo "1947"]
[PlyCount "103"]
[EventDate "2014.01.27"]
[EventType "swiss"]
[EventRounds "5"]
[EventCountry "GGB"]
[SourceTitle "BritBase"]
[Source "www.saund.co.uk"]
[SourceDate "2018.02.10"]
[SourceVersion "1"]
[SourceVersionDate "2018.02.10"]
[SourceQuality "1"]

1. Nf3 Nf6 2. c4 e6 3. g3 b6 4. Bg2 Bb7 5. O-O c5 6. Nc3 Be7 7. d4 cxd4 8. Qxd4
d6 9. Rd1 a6 10. b3 Qc7 11. Qf4 Nbd7 12. Ba3 Nc5 13. Rac1 Rc8 14. b4 Nce4 15.
Na4 e5 16. Qe3 Ng4 17. Qxb6 Ngxf2 18. Re1 Qd7 19. Nc3 Nxc3 20. Rxc3 Ne4 21.
Rcc1 O-O 22. Red1 Rb8 23. Qe3 Qa4 24. c5 dxc5 25. bxc5 Rfd8 26. Rxd8+ Rxd8 27.
Qb3 Qxb3 28. axb3 f6 29. b4 Bc6 30. Kf1 a5 31. bxa5 Ra8 32. Ne1 Nd2+ 33. Kf2
Bxg2 34. Kxg2 Nb3 35. Rc3 Nxa5 36. Nd3 Rc8 37. Kf3 Kf7 38. Nb2 Ke6 39. e4 Nc6
40. Ke3 f5 41. Nc4 f4+ 42. gxf4 exf4+ 43. Kxf4 Rf8+ 44. Kg3 Nd4 45. Kg2 Bh4 46.
Nd6 Ne2 47. Rf3 Nf4+ 48. Kf1 g5 49. Nf5 Ke5 50. Nxh4 gxh4 51. c6 Kxe4 52. Bxf8
1-0

[Event "Gibraltar ChallWk1 12th"]
[Site "Gibraltar"]
[Date "2014.01.29"]
[Round "3.36"]
[White "Andersen, Daniel"]
[Black "Oliveira, Maria Ines"]
[Result "1-0"]
[WhiteElo "1941"]
[BlackElo "1986"]
[PlyCount "72"]
[EventDate "2014.01.27"]
[EventType "swiss"]
[EventRounds "5"]
[EventCountry "GGB"]
[SourceTitle "BritBase"]
[Source "www.saund.co.uk"]
[SourceDate "2018.02.10"]
[SourceVersion "1"]
[SourceVersionDate "2018.02.10"]
[SourceQuality "1"]

1. d4 Nf6 2. c4 e6 3. g3 d5 4. Bg2 Be7 5. Nf3 O-O 6. O-O Nbd7 7. Qc2 c6 8. Rd1
Qc7 9. Bf4 Qd8 10. Nbd2 Nh5 11. Be3 f5 12. Nf1 Bd6 13. Bd2 Ndf6 14. Ne5 Ne4 15.
f4 Nhf6 16. Be3 Qe8 17. Nd2 Nxd2 18. Bxd2 Qh5 19. Qa4 Ne4 20. Bf3 Qe8 21. Bb4
b5 22. cxb5 cxb5 23. Qa3 Bxb4 24. Qxb4 a5 25. Qe1 b4 26. Rdc1 Ba6 27. Rc6 Bb5
28. Rc7 Rc8 29. Rac1 Rxc7 30. Rxc7 Qb8 31. Qc1 Nc3 32. Rc5 Nxa2 33. Qe3 Rc8 34.
Nd3 Re8 35. g4 Bc4 36. Ne5 a4 {Unable to reconstruct remaining moves} 1-0

[Event "Gibraltar ChallWk1 12th"]
[Site "Gibraltar"]
[Date "2014.01.29"]
[Round "3.37"]
[White "Adebajo, Olufemi"]
[Black "Sevillano Garcia, Joaquin"]
[Result "1-0"]
[WhiteElo "1979"]
[BlackElo "1923"]
[PlyCount "67"]
[EventDate "2014.01.27"]
[EventType "swiss"]
[EventRounds "5"]
[EventCountry "GGB"]
[SourceTitle "BritBase"]
[Source "www.saund.co.uk"]
[SourceDate "2018.02.10"]
[SourceVersion "1"]
[SourceVersionDate "2018.02.10"]
[SourceQuality "1"]

1. e4 c5 2. Nc3 d6 3. Nf3 Nf6 4. d4 cxd4 5. Qxd4 a6 6. Bg5 Nc6 7. Qd2 e6 8.
O-O-O Be7 9. Kb1 O-O 10. Bxf6 gxf6 11. h4 Kh8 12. g4 Ne5 13. Nh2 b5 14. f4 b4
15. Na4 Nc6 16. g5 Bb7 17. Bg2 Qa5 18. b3 Rad8 19. Ng4 f5 20. exf5 Qxf5 21. Nh6
Qg6 22. Qe3 Na5 23. f5 Qg7 24. Bxb7 Nxb7 25. f6 Bxf6 26. gxf6 Qxf6 27. Rdf1 Qe7
28. Qd4+ f6 29. Qxb4 a5 30. Qe4 d5 31. Qg4 d4 32. Re1 e5 33. Rhg1 Rde8 34. Nb6
1-0

[Event "Gibraltar ChallWk1 12th"]
[Site "Gibraltar"]
[Date "2014.01.29"]
[Round "3.38"]
[White "Becking, Franz Josef"]
[Black "Oliveira, Maria Alice Ramos M"]
[Result "1-0"]
[WhiteElo "1969"]
[BlackElo "1466"]
[PlyCount "103"]
[EventDate "2014.01.27"]
[EventType "swiss"]
[EventRounds "5"]
[EventCountry "GGB"]
[SourceTitle "BritBase"]
[Source "www.saund.co.uk"]
[SourceDate "2018.02.10"]
[SourceVersion "1"]
[SourceVersionDate "2018.02.10"]
[SourceQuality "1"]

1. d4 Nf6 2. Bg5 d5 3. Nf3 Nbd7 4. e3 e6 5. Bd3 Be7 6. Nbd2 O-O 7. c3 b6 8. Rc1
Bb7 9. Qc2 c5 10. b3 Rc8 11. Qb1 cxd4 12. cxd4 Rxc1+ 13. Qxc1 Qc8 14. O-O Qxc1
15. Rxc1 Rc8 16. Rxc8+ Bxc8 17. Kf1 h6 18. Bf4 Kf8 19. Ke2 Bb4 20. Kd1 Ke7 21.
Kc2 Bd6 22. Bxd6+ Kxd6 23. h3 Bb7 24. Ne1 Nb8 25. b4 Nbd7 26. Nb1 e5 27. Nc3 a6
28. Be2 exd4 29. exd4 Nb8 30. Kd3 Ne4 31. f3 Nxc3 32. Kxc3 Nd7 33. Nc2 Nf6 34.
Ne3 Ke6 35. Nd1 Nh5 36. Nb2 Nf4 37. Bf1 Bc6 38. g3 Nh5 39. Bxa6 Nxg3 40. b5 Bd7
41. Na4 Ne2+ 42. Kd3 Nf4+ 43. Ke3 Nxh3 44. Nxb6 Kd6 45. a4 Ng5 46. Nxd7 Kxd7
47. Bb7 Kc7 48. Bxd5 h5 49. a5 h4 50. b6+ Kb8 51. a6 Ne6 52. a7+ 1-0

[Event "Gibraltar ChallWk1 12th"]
[Site "Gibraltar"]
[Date "2014.01.29"]
[Round "3.39"]
[White "Othman, Mustapha"]
[Black "Tortolero, Cesar"]
[Result "0-1"]
[WhiteElo "1905"]
[BlackElo "1952"]
[PlyCount "76"]
[EventDate "2014.01.27"]
[EventType "swiss"]
[EventRounds "5"]
[EventCountry "GGB"]
[SourceTitle "BritBase"]
[Source "www.saund.co.uk"]
[SourceDate "2018.02.10"]
[SourceVersion "1"]
[SourceVersionDate "2018.02.10"]
[SourceQuality "1"]

1. e4 c5 2. Nf3 d6 3. d4 cxd4 4. Nxd4 Nf6 5. Nc3 a6 6. Bc4 e6 7. O-O Be7 8. Kh1
Qc7 9. Bb3 O-O 10. a4 Nc6 11. Be3 Na5 12. Ba2 Nc4 13. Bc1 Bd7 14. f4 Rac8 15.
Qe2 Qc5 16. Rd1 b5 17. e5 Ne8 18. Ne4 Qc7 19. axb5 axb5 20. Bxc4 bxc4 21. Nc3
dxe5 22. fxe5 Bc6 23. Bf4 Qb6 24. Ne4 Bd5 25. c3 Rb8 26. Ra2 Qb7 27. Ng5 h6 28.
Ngf3 g5 29. Bg3 Ng7 30. Nd2 Bc5 31. Nxc4 Bxd4 32. Rxd4 Qb3 33. Ra3 Bxc4 34.
Rxc4 Qxb2 35. Qxb2 Rxb2 36. h3 Nf5 37. Rg4 Ne3 38. Re4 Rb1+ 0-1

[Event "Gibraltar ChallWk1 12th"]
[Site "Gibraltar"]
[Date "2014.01.30"]
[Round "4.1"]
[White "Kvisla, Johannes Luangtep"]
[Black "Martinez Reyes, Pedro Ramon"]
[Result "1/2-1/2"]
[WhiteElo "2154"]
[BlackElo "2246"]
[PlyCount "88"]
[EventDate "2014.01.27"]
[EventType "swiss"]
[EventRounds "5"]
[EventCountry "GGB"]
[SourceTitle "BritBase"]
[Source "www.saund.co.uk"]
[SourceDate "2018.02.10"]
[SourceVersion "1"]
[SourceVersionDate "2018.02.10"]
[SourceQuality "1"]

1. c4 e6 2. d4 d5 3. Nc3 Nf6 4. cxd5 exd5 5. Bg5 Be7 6. Qc2 Nbd7 7. e3 O-O 8.
Bd3 c6 9. Nge2 Re8 10. O-O Nf8 11. f3 Be6 12. Rae1 Ng6 13. Ng3 Nf8 14. Nf5 Bxf5
15. Bxf5 Nh5 16. Bxe7 Rxe7 17. g4 Nf6 18. g5 Ne8 19. h4 Nd6 20. Bg4 Qc7 21. Qh2
Rd8 22. Re2 Qa5 23. a3 Nc4 24. Nd1 c5 25. dxc5 Qxc5 26. Qf2 Qb6 27. f4 Nd7 28.
Bxd7 Rdxd7 29. Rfe1 f5 30. Nc3 Qb3 31. Qg2 Nxb2 32. Nxd5 Qxd5 33. Rxb2 Qxg2+
34. Kxg2 Rd3 35. a4 Ra3 36. Rb5 g6 37. a5 a6 38. Rc5 Raxe3 39. Rxe3 Rxe3 40.
Rc7 Rb3 41. Rc8+ Kf7 42. Rc7+ Kg8 43. Rc8+ Kf7 44. Rc7+ Kg8 1/2-1/2

[Event "Gibraltar ChallWk1 12th"]
[Site "Gibraltar"]
[Date "2014.01.30"]
[Round "4.2"]
[White "Sanchez Castillo, Sarai"]
[Black "Pena Riasco, Alexander"]
[Result "0-1"]
[WhiteElo "2219"]
[BlackElo "2154"]
[PlyCount "74"]
[EventDate "2014.01.27"]
[EventType "swiss"]
[EventRounds "5"]
[EventCountry "GGB"]
[SourceTitle "BritBase"]
[Source "www.saund.co.uk"]
[SourceDate "2018.02.10"]
[SourceVersion "1"]
[SourceVersionDate "2018.02.10"]
[SourceQuality "1"]

1. e4 d5 2. exd5 Qxd5 3. Nc3 Qa5 4. Bc4 Nf6 5. h3 Nc6 6. Nf3 Qc5 7. d3 a6 8. a3
b5 9. Ba2 e6 10. d4 Qd6 11. O-O Be7 12. Ne2 O-O 13. Bf4 Qd8 14. Qd3 Nd5 15. Bh2
Bb7 16. Rad1 Bd6 17. Bxd6 Qxd6 18. Ng5 Nf6 19. Ng3 Ne7 20. Nh5 Ng6 21. Nxf6+
gxf6 22. Ne4 Qe7 23. f3 Rfd8 24. Rfe1 f5 25. Nc5 Bd5 26. b3 Qg5 27. Qd2 Qf6 28.
c4 Bc6 29. Qf2 Kh8 30. b4 bxc4 31. Bxc4 Rg8 32. Kh2 Nh4 33. Rg1 Qg5 34. Nd3 Rg7
35. Ne5 Qf4+ 36. g3 Nxf3+ 37. Kh1 Nxe5+ 0-1

[Event "Gibraltar ChallWk1 12th"]
[Site "Gibraltar"]
[Date "2014.01.30"]
[Round "4.3"]
[White "Janev, Pavel"]
[Black "Perez Garcia, Alejandro"]
[Result "1/2-1/2"]
[WhiteElo "2203"]
[BlackElo "2070"]
[PlyCount "113"]
[EventDate "2014.01.27"]
[EventType "swiss"]
[EventRounds "5"]
[EventCountry "GGB"]
[SourceTitle "BritBase"]
[Source "www.saund.co.uk"]
[SourceDate "2018.02.10"]
[SourceVersion "1"]
[SourceVersionDate "2018.02.10"]
[SourceQuality "1"]

1. e4 c6 2. Nf3 d5 3. Nc3 g6 4. d4 Bg7 5. Bf4 dxe4 6. Nxe4 Qa5+ 7. Qd2 Qxd2+ 8.
Kxd2 Nf6 9. Nxf6+ Bxf6 10. Bc4 Nd7 11. Rhe1 Nb6 12. Bb3 O-O 13. c3 Nd5 14. Be5
Bxe5 15. Rxe5 e6 16. Ree1 b6 17. Rad1 Bb7 18. Ne5 Rfd8 19. c4 Nf6 20. Kc3 c5
21. f3 cxd4+ 22. Rxd4 Rxd4 23. Kxd4 Rd8+ 24. Ke3 Kf8 25. Rd1 Rxd1 26. Bxd1 Ke7
27. b4 Nd7 28. Nxd7 Kxd7 29. h4 e5 30. g4 f5 31. f4 exf4+ 32. Kxf4 fxg4 33.
Bxg4+ Kd6 34. Kg5 Ke5 35. c5 bxc5 36. bxc5 Be4 37. Bd7 Kd5 38. c6 Kd6 39. Kh6
a5 40. Be8 Bb1 41. a3 Bd3 42. Kg7 Bf5 43. Kf6 Be4 44. Kg5 Bd3 45. a4 Bc2 46.
Kh6 Kc7 47. Bf7 Bxa4 48. Kxh7 Bc2 49. Kh6 a4 50. h5 gxh5 51. Kxh5 a3 52. Kg5
Kxc6 53. Kf4 Kc5 54. Ke3 Kb4 55. Kd2 Bb3 56. Kc1 a2 57. Kb2 1/2-1/2

[Event "Gibraltar ChallWk1 12th"]
[Site "Gibraltar"]
[Date "2014.01.30"]
[Round "4.4"]
[White "Rodriguez Alvarez, Vidal"]
[Black "Galmandakh, Badrakh"]
[Result "1/2-1/2"]
[WhiteElo "2166"]
[BlackElo "2225"]
[PlyCount "131"]
[EventDate "2014.01.27"]
[EventType "swiss"]
[EventRounds "5"]
[EventCountry "GGB"]
[SourceTitle "BritBase"]
[Source "www.saund.co.uk"]
[SourceDate "2018.02.10"]
[SourceVersion "1"]
[SourceVersionDate "2018.02.10"]
[SourceQuality "1"]

1. Nf3 d6 2. d4 Nf6 3. c4 g6 4. Nc3 Bg4 5. e4 Bxf3 6. Qxf3 Nc6 7. Be3 e5 8. d5
Nd4 9. Qd1 Bg7 10. Bd3 O-O 11. Nb5 Nd7 12. Bc2 Nxb5 13. cxb5 f5 14. f3 fxe4 15.
Bxe4 Bh6 16. Qd2 Bxe3 17. Qxe3 Nc5 18. O-O Qd7 19. a4 a5 20. bxa6 Rxa6 21. a5
Qb5 22. Qc3 Qb3 23. Ra3 Qxc3 24. Rxc3 Rxa5 25. b4 Nxe4 26. fxe4 Rxf1+ 27. Kxf1
Ra4 28. Rxc7 Rxb4 29. Rd7 Rxe4 30. Rxd6 b5 31. Rb6 b4 32. Rb7 Rd4 33. Kf2 Rxd5
34. Rxb4 Rd7 35. Rb5 Re7 36. Ke3 Kf7 37. Ke4 Kf6 38. h4 h5 39. g3 Re6 40. Rb8
Ra6 41. Rf8+ Kg7 42. Rf3 Ra5 43. Rb3 Kh6 44. Rc3 Kg7 45. Rb3 Kh7 46. Rb7+ Kh6
47. Rb3 Rc5 48. Ra3 Rb5 49. Rc3 Kg7 50. Rc7+ Kf8 51. Ra7 Rc5 52. Rb7 Kg8 53.
Ra7 Rc3 54. Kxe5 Rf3 55. Rb7 Kf8 56. Ra7 Kg8 57. Rb7 Kh8 58. Ra7 Rxg3 59. Kf6
Rg4 60. Rb7 Kg8 61. Rg7+ Kf8 62. Rxg6 Rxh4 63. Kg5 Rh1 64. Rh6 Rg1+ 65. Kxh5
Kf7 66. Ra6 1/2-1/2

[Event "Gibraltar ChallWk1 12th"]
[Site "Gibraltar"]
[Date "2014.01.30"]
[Round "4.5"]
[White "Vea, Odin Blikra"]
[Black "Lercel, Michal"]
[Result "1/2-1/2"]
[WhiteElo "2217"]
[BlackElo "2150"]
[PlyCount "67"]
[EventDate "2014.01.27"]
[EventType "swiss"]
[EventRounds "5"]
[EventCountry "GGB"]
[SourceTitle "BritBase"]
[Source "www.saund.co.uk"]
[SourceDate "2018.02.10"]
[SourceVersion "1"]
[SourceVersionDate "2018.02.10"]
[SourceQuality "1"]

1. e4 e5 2. Nf3 Nc6 3. Bb5 a6 4. Ba4 Nf6 5. O-O Be7 6. Re1 b5 7. Bb3 O-O 8. c3
d5 9. exd5 Nxd5 10. Nxe5 Nxe5 11. Rxe5 c6 12. d4 Bd6 13. Re1 Qh4 14. g3 Qh3 15.
Re4 Bd7 16. Bc2 Rfe8 17. Rh4 Qe6 18. Bd2 f5 19. a4 Be7 20. Rh3 g6 21. Na3 f4
22. Rh6 Kg7 23. gxf4 Qg4+ 24. Qxg4 Bxg4 25. f5 Bxa3 26. fxg6 Bxb2 27. Rxh7+ Kg8
28. Bh6 Bxa1 29. Rg7+ Kh8 30. Rf7 Bh3 31. f4 Bxc3 32. Rh7+ Kg8 33. Rg7+ Kh8 34.
Rh7+ 1/2-1/2

[Event "Gibraltar ChallWk1 12th"]
[Site "Gibraltar"]
[Date "2014.01.30"]
[Round "4.6"]
[White "Mihajlov, Sebastian"]
[Black "Amgalanbaatar, Ravdanlkhumbuu"]
[Result "1/2-1/2"]
[WhiteElo "2185"]
[BlackElo "2137"]
[PlyCount "81"]
[EventDate "2014.01.27"]
[EventType "swiss"]
[EventRounds "5"]
[EventCountry "GGB"]
[SourceTitle "BritBase"]
[Source "www.saund.co.uk"]
[SourceDate "2018.02.10"]
[SourceVersion "1"]
[SourceVersionDate "2018.02.10"]
[SourceQuality "1"]

1. d4 d6 2. Nf3 Bf5 3. c4 h6 4. Nc3 Nf6 5. g3 Nbd7 6. Bg2 c6 7. O-O e5 8. Re1
Be7 9. e4 Bh7 10. b3 O-O 11. Bb2 Re8 12. dxe5 dxe5 13. Qc2 Qc7 14. Nh4 Nc5 15.
Nf5 Ne6 16. Rad1 Rad8 17. Na4 Bb4 18. Rxd8 Rxd8 19. Rd1 Bxf5 20. exf5 Nd4 21.
Bxd4 Rxd4 22. Rxd4 exd4 23. Nb2 Qa5 24. Nd3 Bc3 25. Bh3 b5 26. Ne5 Qc7 27. Qe2
Qe7 28. Kf1 Qd6 29. cxb5 cxb5 30. Qxb5 a6 31. Qe2 Qa3 32. Nd3 a5 33. Bg2 a4 34.
Qc2 axb3 35. Qxb3 Qa6 36. Ke2 Qa5 37. Qb8+ Kh7 38. Qb3 Kg8 39. Qb8+ Kh7 40. Qb3
Kg8 41. Qb8+ 1/2-1/2

[Event "Gibraltar ChallWk1 12th"]
[Site "Gibraltar"]
[Date "2014.01.30"]
[Round "4.7"]
[White "Pabalan, Rocky"]
[Black "Nicolas Zapata, Irene"]
[Result "0-1"]
[WhiteElo "2103"]
[BlackElo "2249"]
[PlyCount "58"]
[EventDate "2014.01.27"]
[EventType "swiss"]
[EventRounds "5"]
[EventCountry "GGB"]
[SourceTitle "BritBase"]
[Source "www.saund.co.uk"]
[SourceDate "2018.02.10"]
[SourceVersion "1"]
[SourceVersionDate "2018.02.10"]
[SourceQuality "1"]

1. d4 Nf6 2. Nf3 e6 3. Bf4 b6 4. e3 Bb7 5. Nbd2 h6 6. h3 Bd6 7. Bxd6 cxd6 8. c3
Qe7 9. Qb3 Nc6 10. Nc4 d5 11. Ncd2 Ne4 12. Bd3 f5 13. a4 O-O 14. a5 Nxa5 15.
Rxa5 bxa5 16. Qxb7 Rab8 17. Qxa7 Rxb2 18. Qxa5 Qd6 19. Bxe4 fxe4 20. Ne5 Rfb8
21. Ke2 Qf8 22. f4 Qc8 23. Qa3 R8b3 24. Qa5 d6 25. Ng6 Kh7 26. Nf8+ Qxf8 27.
Qc7 Qe8 28. Ra1 Qb5+ 29. c4 Qb4 0-1

[Event "Gibraltar ChallWk1 12th"]
[Site "Gibraltar"]
[Date "2014.01.30"]
[Round "4.8"]
[White "Gajic, Mladen"]
[Black "Severijnen, Arjon"]
[Result "1-0"]
[WhiteElo "2246"]
[BlackElo "2147"]
[PlyCount "111"]
[EventDate "2014.01.27"]
[EventType "swiss"]
[EventRounds "5"]
[EventCountry "GGB"]
[SourceTitle "BritBase"]
[Source "www.saund.co.uk"]
[SourceDate "2018.02.10"]
[SourceVersion "1"]
[SourceVersionDate "2018.02.10"]
[SourceQuality "1"]

1. e4 c5 2. c3 Nf6 3. e5 Nd5 4. Nf3 e6 5. g3 b6 6. Bg2 Bb7 7. O-O Be7 8. d3 O-O
9. Nbd2 Nc6 10. Re1 f6 11. exf6 Bxf6 12. Ne4 Qe7 13. h4 Rae8 14. Qe2 Kh8 15. h5
Nc7 16. h6 g6 17. g4 d6 18. g5 Be5 19. Nxe5 dxe5 20. Nf6 Nd5 21. Nxe8 Rxe8 22.
Be4 Nf4 23. Bxf4 exf4 24. Bxc6 Qxg5+ 25. Kf1 Bxc6 26. Qe5+ Qxe5 27. Rxe5 Kg8
28. b4 cxb4 29. cxb4 Bd5 30. Rc1 Re7 31. a4 Kf7 32. Ke2 Rd7 33. Rc3 a6 34. d4
b5 35. axb5 axb5 36. Kd3 Kf6 37. Rc8 Ra7 38. Rf8+ Ke7 39. Rxf4 Ra4 40. Re1 Rxb4
41. Ra1 Ra4 42. Rb1 g5 43. Rg4 Kf6 44. Rbg1 Ra3+ 45. Kd2 Ra2+ 46. Kc3 Rxf2 47.
Rxg5 Rh2 48. Kb4 Bc4 49. Re5 Rxh6 50. Rg3 Rh4 51. Rf3+ Ke7 52. Kc5 Bd5 53. Rf2
Bc4 54. Rg5 e5 55. d5 Rf4 56. Rxe5+ 1-0

[Event "Gibraltar ChallWk1 12th"]
[Site "Gibraltar"]
[Date "2014.01.30"]
[Round "4.9"]
[White "Congiu, Mathilde"]
[Black "Karlsson, Jorgen"]
[Result "1-0"]
[WhiteElo "2226"]
[BlackElo "2140"]
[PlyCount "49"]
[EventDate "2014.01.27"]
[EventType "swiss"]
[EventRounds "5"]
[EventCountry "GGB"]
[SourceTitle "BritBase"]
[Source "www.saund.co.uk"]
[SourceDate "2018.02.10"]
[SourceVersion "1"]
[SourceVersionDate "2018.02.10"]
[SourceQuality "1"]

1. e4 g6 2. d4 Bg7 3. Nc3 a6 4. f4 b5 5. Nf3 Bb7 6. Bd3 e6 7. O-O Nc6 8. e5 f5
9. exf6 Nxf6 10. d5 exd5 11. f5 gxf5 12. Nh4 Ne7 13. Bg5 O-O 14. Nxf5 Nxf5 15.
Bxf5 Qe7 16. Qd3 Qc5+ 17. Kh1 Ne4 18. Nxe4 dxe4 19. Qh3 Rxf5 20. Rxf5 Qc6 21.
Raf1 e3 22. Bxe3 Re8 23. Rg5 h6 24. Rxg7+ Kxg7 25. Bd4+ 1-0

[Event "Gibraltar ChallWk1 12th"]
[Site "Gibraltar"]
[Date "2014.01.30"]
[Round "4.10"]
[White "Samu, Sorin-Mihai"]
[Black "Scharrer, Patrick"]
[Result "0-1"]
[WhiteElo "2131"]
[BlackElo "2220"]
[PlyCount "80"]
[EventDate "2014.01.27"]
[EventType "swiss"]
[EventRounds "5"]
[EventCountry "GGB"]
[SourceTitle "BritBase"]
[Source "www.saund.co.uk"]
[SourceDate "2018.02.10"]
[SourceVersion "1"]
[SourceVersionDate "2018.02.10"]
[SourceQuality "1"]

1. c4 g6 2. Nc3 Bg7 3. d4 d6 4. e4 Nf6 5. f3 O-O 6. Be3 Nc6 7. Nge2 a6 8. Qd2
Rb8 9. a4 Nb4 10. g4 c5 11. d5 b5 12. axb5 axb5 13. cxb5 e6 14. dxe6 Bxe6 15.
g5 Nd7 16. f4 Nb6 17. Ng3 Nc4 18. Bxc4 Bxc4 19. Kf2 Bxb5 20. Nxb5 Rxb5 21. Rad1
Nc6 22. Rb1 Rb3 23. Ne2 Re8 24. Qd5 Qb6 25. e5 Rxe3 26. Kxe3 dxe5 27. f5 gxf5
28. Rhc1 Bf8 29. Qd7 Re6 30. Kf2 f4 31. Rc3 Nd4 32. Rh3 c4 33. Nxd4 exd4 34.
Kf3 d3 35. Qd5 c3 36. Kg4 c2 37. Rf1 Re3 38. Rxe3 Qxe3 39. Kh4 d2 40. Qf5 Qe1+
0-1

[Event "Gibraltar ChallWk1 12th"]
[Site "Gibraltar"]
[Date "2014.01.30"]
[Round "4.11"]
[White "Burrows, Martin P"]
[Black "Rowe, Duane"]
[Result "1-0"]
[WhiteElo "2126"]
[BlackElo "2218"]
[PlyCount "109"]
[EventDate "2014.01.27"]
[EventType "swiss"]
[EventRounds "5"]
[EventCountry "GGB"]
[SourceTitle "BritBase"]
[Source "www.saund.co.uk"]
[SourceDate "2018.02.10"]
[SourceVersion "1"]
[SourceVersionDate "2018.02.10"]
[SourceQuality "1"]

1. e4 c5 2. Nf3 e6 3. d4 cxd4 4. Nxd4 Nc6 5. Nb5 d6 6. c4 Nf6 7. N1c3 a6 8. Na3
b6 9. Be2 Bb7 10. O-O Nb8 11. f3 Nbd7 12. Be3 Be7 13. Qd2 O-O 14. Rfd1 Qc7 15.
Rac1 Rfe8 16. Bf1 Bf8 17. Qf2 Rac8 18. Kh1 Ba8 19. Nab1 Qb8 20. a3 Bc6 21. Ne2
d5 22. Bf4 Qa8 23. cxd5 exd5 24. Nd4 Bb7 25. Rxc8 Qxc8 26. Rc1 Qa8 27. exd5
Nxd5 28. Bd2 Ne5 29. Nc3 Ng6 30. Nxd5 Bxd5 31. Qg3 Rd8 32. Bc3 Bd6 33. Qf2 Be5
34. Ne2 b5 35. Bxe5 Nxe5 36. Nf4 Bc4 37. Bxc4 bxc4 38. Qe3 Nd3 39. Nxd3 cxd3
40. Rd1 Qd5 41. Rd2 f5 42. Kg1 h6 43. Kf2 Rd6 44. Qe8+ Kh7 45. Qe3 Qb5 46. Qf4
Qd7 47. Qe3 Rd4 48. Qe5 Rc4 49. Ke1 Rc1+ 50. Kf2 Qa7+ 51. Kg3 Rc5 52. Qd6 Rb5
53. Qxd3 Qb8+ 54. Kh3 Qe8 55. g3 1-0

[Event "Gibraltar ChallWk1 12th"]
[Site "Gibraltar"]
[Date "2014.01.30"]
[Round "4.12"]
[White "Nicolas Zapata, Javier"]
[Black "Zvarik, Martin"]
[Result "1-0"]
[WhiteElo "2123"]
[BlackElo "2216"]
[PlyCount "119"]
[EventDate "2014.01.27"]
[EventType "swiss"]
[EventRounds "5"]
[EventCountry "GGB"]
[SourceTitle "BritBase"]
[Source "www.saund.co.uk"]
[SourceDate "2018.02.10"]
[SourceVersion "1"]
[SourceVersionDate "2018.02.10"]
[SourceQuality "1"]

1. e4 e5 2. Nf3 Nc6 3. Nc3 g6 4. d4 exd4 5. Nxd4 Bg7 6. Nxc6 bxc6 7. Bc4 d6 8.
O-O Ne7 9. f4 O-O 10. f5 gxf5 11. Qh5 d5 12. exf5 dxc4 13. f6 Qd4+ 14. Kh1 Bxf6
15. Bh6 Bg7 16. Rad1 Qg4 17. Qxf7+ Kh8 18. Bxg7+ Qxg7 19. Qxf8+ Qxf8 20. Rxf8+
Kg7 21. Rdd8 Rb8 22. b3 cxb3 23. axb3 c5 24. h3 c4 25. bxc4 a5 26. Kh2 Rb4 27.
Rxc8 Nxc8 28. Rxc8 Rxc4 29. Nd5 c6 30. Ne3 Rc3 31. Nf5+ Kf6 32. Nd4 Ke5 33.
Nxc6+ Kd6 34. Ra8 Rxc6 35. Rxa5 Ke6 36. c4 Rxc4 37. Ra7 Rh4 38. Kg3 Rh5 39. Kg4
Rb5 40. Rxh7 Kf6 41. Rh6+ Kg7 42. Ra6 Rb3 43. g3 Rb4+ 44. Kh5 Rb5+ 45. Kh4 Rb3
46. Ra4 Rc3 47. Kg4 Kg6 48. h4 Kh6 49. Rf4 Kg6 50. h5+ Kh6 51. Rf6+ Kg7 52. Rf3
Rc1 53. Kh4 Rg1 54. Kg5 Rg2 55. g4 Ra2 56. h6+ Kh7 57. Rf7+ Kg8 58. Kg6 Ra6+
59. Rf6 Ra7 60. h7+ 1-0

[Event "Gibraltar ChallWk1 12th"]
[Site "Gibraltar"]
[Date "2014.01.30"]
[Round "4.13"]
[White "Rudd, Jack"]
[Black "Mihajlov, Svetoslav"]
[Result "1-0"]
[WhiteElo "2206"]
[BlackElo "2112"]
[PlyCount "85"]
[EventDate "2014.01.27"]
[EventType "swiss"]
[EventRounds "5"]
[EventCountry "GGB"]
[SourceTitle "BritBase"]
[Source "www.saund.co.uk"]
[SourceDate "2018.02.10"]
[SourceVersion "1"]
[SourceVersionDate "2018.02.10"]
[SourceQuality "1"]

1. e4 c5 2. Nf3 a6 3. c3 g6 4. d4 cxd4 5. cxd4 Bg7 6. Nc3 d6 7. Be3 Nc6 8. d5
Ne5 9. Qb3 Nd7 10. Be2 Ngf6 11. O-O O-O 12. h3 Nc5 13. Qc2 b5 14. b4 Ncd7 15.
Qd2 Bb7 16. Bh6 Rc8 17. Bxg7 Kxg7 18. Rfc1 Nb6 19. Qd4 Kg8 20. Nd2 e6 21. dxe6
fxe6 22. Nb3 e5 23. Qe3 Ba8 24. Bf1 Nc4 25. Qa7 Rc6 26. Bxc4+ Rxc4 27. Qxa6
Rxb4 28. f3 Qd7 29. Qa5 Rc4 30. Nxb5 d5 31. Nc5 Qc6 32. Rxc4 dxc4 33. Qb4 Kh8
34. Ne6 Re8 35. Nbc7 Rxe6 36. Nxe6 Qxe6 37. Qf8+ Ng8 38. Qxa8 Qb6+ 39. Kh1 Qb2
40. Rg1 c3 41. Qd5 c2 42. Qd2 Qxa2 43. Rc1 1-0

[Event "Gibraltar ChallWk1 12th"]
[Site "Gibraltar"]
[Date "2014.01.30"]
[Round "4.14"]
[White "Kozarcanin, Sead"]
[Black "Dolzhikova, Olga"]
[Result "1/2-1/2"]
[WhiteElo "2073"]
[BlackElo "2203"]
[PlyCount "95"]
[EventDate "2014.01.27"]
[EventType "swiss"]
[EventRounds "5"]
[EventCountry "GGB"]
[SourceTitle "BritBase"]
[Source "www.saund.co.uk"]
[SourceDate "2018.02.10"]
[SourceVersion "1"]
[SourceVersionDate "2018.02.10"]
[SourceQuality "1"]

1. Nf3 b6 2. b3 Bb7 3. Bb2 e6 4. g3 Nf6 5. Bg2 Be7 6. O-O O-O 7. c4 d6 8. d4
Nbd7 9. Nbd2 Ne4 10. Nxe4 Bxe4 11. Ne1 Bxg2 12. Nxg2 d5 13. cxd5 exd5 14. Qd3
Re8 15. Rac1 Nf6 16. Rc2 Bd6 17. Bc1 Qd7 18. f3 Nh5 19. g4 Nf6 20. Bg5 Be7 21.
Rfc1 Rac8 22. Rc6 Ba3 23. R1c2 Bc5 24. Rxf6 gxf6 25. Bxf6 Be7 26. Bxe7 Qxe7 27.
Qf5 Qe6 28. Nf4 Qxf5 29. gxf5 Red8 30. Rd2 Kg7 31. e4 dxe4 32. fxe4 c5 33. d5
Kf6 34. Kf2 c4 35. Ke3 cxb3 36. axb3 Rc3+ 37. Nd3 Rxb3 38. Kf4 Ke7 39. Ne5 Rc3
40. Rg2 Kf8 41. f6 Rc1 42. Rg7 Rf1+ 43. Nf3 a5 44. Rxh7 Kg8 45. Rg7+ Kf8 46.
Rh7 Kg8 47. Rg7+ Kf8 48. Rh7 1/2-1/2

[Event "Gibraltar ChallWk1 12th"]
[Site "Gibraltar"]
[Date "2014.01.30"]
[Round "4.15"]
[White "Hornell, Colin"]
[Black "Urbina Perez, Juan Antonio"]
[Result "0-1"]
[WhiteElo "2085"]
[BlackElo "2183"]
[PlyCount "74"]
[EventDate "2014.01.27"]
[EventType "swiss"]
[EventRounds "5"]
[EventCountry "GGB"]
[SourceTitle "BritBase"]
[Source "www.saund.co.uk"]
[SourceDate "2018.02.10"]
[SourceVersion "1"]
[SourceVersionDate "2018.02.10"]
[SourceQuality "1"]

1. d4 e6 2. c4 f5 3. Nc3 Nf6 4. e3 Bb4 5. Bd3 O-O 6. Nge2 b6 7. Qc2 Bb7 8. O-O
Bxc3 9. Nxc3 d6 10. e4 Nc6 11. exf5 Nxd4 12. Qd1 Nxf5 13. Re1 Qd7 14. Bg5 h6
15. Bxf5 exf5 16. Bxf6 Rxf6 17. Nd5 Rf7 18. Qe2 Bxd5 19. cxd5 f4 20. f3 Rf5 21.
Rac1 Raf8 22. Qc4 R8f7 23. Re4 Qd8 24. Rce1 Qg5 25. Re8+ Kh7 26. Qe4 Qg6 27.
Qe6 R5f6 28. Qc8 Qf5 29. Rh8+ Kg6 30. Qg8 Qxd5 31. h4 Re6 32. h5+ Kg5 33. Qd8+
Kxh5 34. Re8 Rxe1+ 35. Rxe1 Qf5 36. Re4 Kg6 37. Re7 Qf6 0-1